[Event "52nd Groningen Open"]
[Site "Groningen NED"]
[Date "2014.12.27"]
[Round "6.2"]
[White "Alsina Leal, Daniel"]
[Black "Tiviakov, Sergei"]
[Result "1/2-1/2"]
[WhiteTitle "GM"]
[BlackTitle "GM"]
[WhiteElo "2540"]
[BlackElo "2677"]
[WhiteFideId "2252627"]
[BlackFideId "1008013"]
[EventDate "2014.12.21"]

1. e4 d5 2. exd5 Qxd5 3. Nc3 Qd6 4. d4 Nf6 5. Nf3 g6 6. Nb5 Qd8 7. c4 Bg7 8. h3
O-O 9. Be2 c5 10. O-O a6 11. Nc3 cxd4 12. Nxd4 Qc7 13. Be3 e5 14. Nb3 Rd8 15.
Nd5 Nxd5 16. cxd5 Qd6 17. Rc1 Nd7 18. Na5 f5 19. Nc4 Qf6 20. d6 Kh8 21. Bb6 Nxb6
22. Nxb6 Rxd6 23. Nxa8 Rxd1 24. Rfxd1 Be6 25. Bc4 h5 26. Bxe6 Qxe6 27. Rc7 e4
28. Rd8+ Kh7 29. Rdd7 h4 30. Rxg7+ Kh6 31. Rce7 Qc4 32. Nc7 Qc1+ 33. Kh2 Qf4+ 1/2-1/2

[Event "52nd Groningen Open"]
[Site "Groningen NED"]
[Date "2014.12.27"]
[Round "6.3"]
[White "Ma, Qun"]
[Black "Raznikov, Danny"]
[Result "0-1"]
[WhiteTitle "GM"]
[BlackTitle "IM"]
[WhiteElo "2621"]
[BlackElo "2494"]
[WhiteFideId "8603154"]
[BlackFideId "2811154"]
[EventDate "2014.12.21"]

1. c4 c5 2. Nf3 Nc6 3. Nc3 Nf6 4. d4 cxd4 5. Nxd4 e6 6. a3 Be7 7. g3 Qb6 8. Nb3
Ne5 9. e4 Nfg4 10. c5 Qxb3 0-1

[Event "52nd Groningen Open"]
[Site "Groningen NED"]
[Date "2014.12.27"]
[Round "6.4"]
[White "Andriasian, Zaven"]
[Black "Lobzhanidze, Davit"]
[Result "1-0"]
[WhiteTitle "GM"]
[BlackTitle "IM"]
[WhiteElo "2609"]
[BlackElo "2433"]
[WhiteFideId "13302000"]
[BlackFideId "13600796"]
[EventDate "2014.12.21"]

1. e4 e5 2. Nf3 Nc6 3. Bc4 Bc5 4. c3 Nf6 5. d3 a6 6. O-O Ba7 7. Nbd2 d6 8. Bb3
O-O 9. h3 h6 10. Re1 Re8 11. Nf1 Be6 12. Bc2 d5 13. exd5 Qxd5 14. Ng3 Rad8 15.
Qe2 Qd7 16. Be3 Bxe3 17. fxe3 Nh7 18. d4 exd4 19. exd4 Nf8 20. Ne4 Bd5 21. Qf2
Bxe4 22. Bxe4 Qd6 23. Bc2 Rxe1+ 24. Rxe1 Rd7 25. Nd2 Re7 26. Rf1 Nd8 27. Bb3 Qg6
28. Nf3 Qh5 29. Ne5 Nd7 30. Nxd7 Rxd7 31. Qe3 Ne6 32. Bxe6 Re7 33. Bg4 1-0

[Event "52nd Groningen Open"]
[Site "Groningen NED"]
[Date "2014.12.27"]
[Round "6.5"]
[White "Brzeski, Maciej"]
[Black "Ipatov, Alexander"]
[Result "0-1"]
[BlackTitle "GM"]
[WhiteElo "2332"]
[BlackElo "2599"]
[WhiteFideId "1121537"]
[BlackFideId "14116731"]
[EventDate "2014.12.21"]

1. e4 e5 2. Nf3 Nc6 3. Bb5 a6 4. Ba4 Nf6 5. O-O Be7 6. Re1 b5 7. Bb3 d6 8. c3
O-O 9. d4 Bg4 10. Be3 Bh5 11. h3 exd4 12. cxd4 Na5 13. Bc2 Nc4 14. Bc1 d5 15. e5
Ne4 16. b3 Nb6 17. Nbd2 Nc3 18. Bxh7+ Kxh7 19. Ng5+ Bxg5 20. Qxh5+ Bh6 21. Nf3
f5 22. Ng5+ Kg8 23. Ne6 Qe8 24. Qxe8 Raxe8 25. Nxf8 Rxf8 26. Bxh6 gxh6 27. Rac1
b4 28. f3 f4 29. Kf2 c5 30. dxc5 Nd7 31. Rc2 Nxc5 32. Rd2 a5 33. g3 Ne6 34. gxf4
Rxf4 35. Kg3 Kf7 36. Ra1 Rf5 37. a3 bxa3 38. Rd3 Nf4 39. Kg4 Nxd3 40. Kxf5 a2
41. f4 d4 42. e6+ Ke7 43. Rg1 Kd6 44. Ra1 Nc5 45. Kg6 Nxe6 46. f5 d3 47. fxe6
Kxe6 0-1

[Event "52nd Groningen Open"]
[Site "Groningen NED"]
[Date "2014.12.27"]
[Round "6.6"]
[White "Dobrov, Vladimir"]
[Black "Rakhmanov, Aleksandr"]
[Result "0-1"]
[WhiteTitle "GM"]
[BlackTitle "GM"]
[WhiteElo "2495"]
[BlackElo "2647"]
[WhiteFideId "4136594"]
[BlackFideId "4173708"]
[EventDate "2014.12.21"]

1. Nf3 Nf6 2. c4 g6 3. Nc3 Bg7 4. e4 O-O 5. d4 c6 6. Bd3 d6 7. O-O Bg4 8. Be3 e5
9. d5 Na6 10. h3 Bd7 11. dxc6 bxc6 12. Be2 Qe7 13. Nd2 Nc5 14. b4 Ne6 15. Nb3
Rfd8 16. Qc1 Nf4 17. Bxf4 exf4 18. Qxf4 Nh5 19. Qe3 Nf4 20. Qxf4 Bxc3 21. Rac1
Bxb4 22. Rfd1 a5 23. Bg4 Be8 24. Rc2 Rab8 25. Re2 a4 26. Nd4 Qe5 27. Qe3 Bc5 28.
Red2 Rb4 29. Be2 Rdb8 30. f4 Qe7 31. Kh2 Rb2 32. Bf3 a3 33. e5 dxe5 34. fxe5
Rxd2 35. Rxd2 Rb2 36. Rd3 Rxa2 37. Qf4 Bb6 38. Nf5 gxf5 39. Be4 Bc7 40. Rg3+ Kh8
41. Qxf5 f6 42. Qg4 Bg6 43. Bxg6 Bxe5 44. Qc8+ Kg7 0-1

[Event "52nd Groningen Open"]
[Site "Groningen NED"]
[Date "2014.12.27"]
[Round "6.7"]
[White "Wan, Yunguo"]
[Black "Bok, Benjamin"]
[Result "0-1"]
[WhiteTitle "IM"]
[BlackTitle "GM"]
[WhiteElo "2482"]
[BlackElo "2572"]
[WhiteFideId "8603189"]
[BlackFideId "1017063"]
[EventDate "2014.12.21"]

1. e4 c5 2. Nf3 e6 3. d4 cxd4 4. Nxd4 Nc6 5. Nc3 Qc7 6. Be2 Nf6 7. O-O Be7 8.
Be3 O-O 9. f4 d6 10. Kh1 Nxd4 11. Qxd4 b6 12. Bf3 Bb7 13. Nb5 Qb8 14. c4 Rd8 15.
Rad1 a6 16. Nc3 Nd7 17. Qd2 Bc6 18. Bd4 b5 19. cxb5 axb5 20. a3 Nc5 21. Qf2 Nb3
22. Bb6 Rc8 23. f5 Bf6 24. fxe6 fxe6 25. Bg4 Re8 26. Be3 Qc7 27. Bf4 Rad8 28.
Qg3 e5 29. Be3 Qe7 30. Nd5 Bxd5 31. exd5 Nd4 32. Bxd4 exd4 33. Be6+ Kh8 34. Qd3
Rb8 35. Rf3 g6 36. Rdf1 Rf8 37. g3 b4 38. a4 Be5 39. Rf7 Rxf7 40. Rxf7 Qg5 41.
Qc2 Qh6 42. a5 Bxg3 43. h3 Rf8 44. Qc7 Be5 45. a6 d3 46. Rxf8+ Qxf8 47. Qc8 Qxc8
48. Bxc8 Bd4 49. Kg2 d2 50. Bg4 Kg7 51. Kf1 Kf6 52. Ke2 Ke5 53. Be6 Be3 54. a7
Bxa7 55. Kxd2 Kd4 56. b3 g5 57. Bf7 Bb6 58. Kc2 Bd8 59. Kd2 Bf6 60. Kc2 Be5 61.
Kd2 h6 62. Kc2 Bf4 63. Be8 Kxd5 64. Kd3 Ke5 65. Bg6 d5 66. Bf7 Bc1 67. Be8 d4
68. Ke2 Kf4 69. Kd3 Bb2 70. Ke2 Kg3 71. Bd7 h5 72. Be6 g4 73. hxg4 hxg4 74. Bf5
Bc3 75. Be6 d3+ 76. Ke3 d2 77. Ke2 d1=Q+ 0-1

[Event "52nd Groningen Open"]
[Site "Groningen NED"]
[Date "2014.12.27"]
[Round "6.8"]
[White "Klekowski, Maciej"]
[Black "Werle, Jan"]
[Result "1/2-1/2"]
[BlackTitle "GM"]
[WhiteElo "2418"]
[BlackElo "2531"]
[WhiteFideId "1132717"]
[BlackFideId "1006088"]
[EventDate "2014.12.21"]

1. c4 e5 2. Nc3 Nf6 3. g3 d5 4. cxd5 Nxd5 5. Bg2 Nb6 6. e3 Nc6 7. Nge2 Be7 8.
O-O O-O 9. f4 exf4 10. Nxf4 Ne5 11. d4 Ng6 12. e4 c5 13. Nxg6 hxg6 14. Nd5 cxd4
15. Qxd4 Be6 16. Nxe7+ Qxe7 17. b3 Rfd8 18. Qf2 Nd7 19. Bb2 Nc5 20. Ba3 Rac8 21.
Rfd1 b6 22. Rac1 Rxd1+ 23. Rxd1 Rd8 24. Rxd8+ Qxd8 25. h3 Nd3 26. Qd2 Qd4+ 27.
Kh2 Bc8 28. Bb2 Qd7 29. Bc3 Bb7 30. Qg5 Bc6 31. b4 Bb7 32. a3 Qc7 33. Qd2 Qc4
34. Qg5 Qc7 35. Qd2 Qc4 36. Qg5 Qxc3 37. Qd8+ 1/2-1/2

[Event "52nd Groningen Open"]
[Site "Groningen NED"]
[Date "2014.12.27"]
[Round "6.9"]
[White "Koop, Thorben"]
[Black "Brandenburg, Daan"]
[Result "1/2-1/2"]
[WhiteTitle "FM"]
[BlackTitle "GM"]
[WhiteElo "2396"]
[BlackElo "2530"]
[WhiteFideId "24661619"]
[BlackFideId "1011014"]
[EventDate "2014.12.21"]

1. Nf3 Nf6 2. g3 d5 3. Bg2 e6 4. O-O Be7 5. c4 O-O 6. d4 dxc4 7. Ne5 Nc6 8. Bxc6
bxc6 9. Nxc6 Qe8 10. Nxe7+ Qxe7 11. Qa4 c5 12. Qa3 Bb7 13. Nc3 Rfe8 14. Rd1 cxd4
15. Qxe7 Rxe7 16. Rxd4 Rc8 17. Bg5 h6 18. Bxf6 gxf6 19. Rad1 f5 20. Rd8+ Rxd8
21. Rxd8+ Kg7 22. Rd4 Rc7 23. Kf1 Rc6 24. Ke1 Rb6 25. Nd1 c3 26. bxc3 Bc6 27.
Rd6 Kf6 28. c4 Ke7 29. c5 Ra6 30. Nc3 Ra3 31. Rxc6 Rxc3 32. Rc7+ Kf6 33. Rxa7
Rxc5 34. Rd7 Ra5 35. Rd2 Kg5 36. f3 e5 37. Kf2 Ra3 38. h3 h5 39. h4+ Kg6 40. Rc2
f6 41. Ke1 Ra4 42. Kf2 Ra3 43. e3 Ra4 44. f4 Ra3 45. Re2 Kf7 46. Ke1 Ke6 47. Kf2
Kd5 48. Kf3 e4+ 49. Kf2 1/2-1/2

[Event "52nd Groningen Open"]
[Site "Groningen NED"]
[Date "2014.12.27"]
[Round "6.10"]
[White "Hovhannisyan, Mher"]
[Black "Pijpers, Arthur"]
[Result "1-0"]
[WhiteTitle "IM"]
[WhiteElo "2511"]
[BlackElo "2355"]
[WhiteFideId "13300865"]
[BlackFideId "1019554"]
[EventDate "2014.12.21"]

1. d4 d5 2. Nf3 Nf6 3. g3 c5 4. Bg2 cxd4 5. O-O h6 6. Bf4 e6 7. Nxd4 g5 8. Bxb8
Rxb8 9. c4 a6 10. cxd5 Nxd5 11. Qb3 Qb6 12. Bxd5 Qxd4 13. Bc6+ Ke7 14. Nc3 f5
15. Rfd1 Qe5 16. Bg2 Kf7 17. Rd3 Bc5 18. Rad1 b5 19. e3 g4 20. Ne2 h5 21. Nf4 h4
22. Rc3 hxg3 23. hxg3 Be7 24. Rc6 Rh6 25. Nd3 Qf6 26. Rc7 Kg6 27. Rdc1 Rh8 28.
Nf4+ Kf7 29. R1c6 1-0

[Event "52nd Groningen Open"]
[Site "Groningen NED"]
[Date "2014.12.27"]
[Round "6.11"]
[White "Hoeksema, Hendrik Pieter"]
[Black "Svane, Rasmus"]
[Result "0-1"]
[WhiteTitle "IM"]
[BlackTitle "IM"]
[WhiteElo "2342"]
[BlackElo "2507"]
[WhiteFideId "1000454"]
[BlackFideId "4657101"]
[EventDate "2014.12.21"]

1. d4 Nf6 2. c4 e6 3. Nf3 c5 4. d5 exd5 5. cxd5 d6 6. Nc3 g6 7. e4 Bg7 8. Bg5 h6
9. Bh4 a6 10. Nd2 b5 11. Qc2 O-O 12. Be2 Re8 13. O-O Nbd7 14. Rae1 c4 15. a3 Nc5
16. f4 Qb6 17. Bf2 Qc7 18. h3 Rb8 19. Bg3 a5 20. a4 bxa4 21. Bxc4 Qb6 22. Bf2
Qxb2 23. Qxb2 Rxb2 24. Bxc5 dxc5 25. Ndb1 Nh5 26. e5 g5 27. Bb5 Rd8 28. fxg5
hxg5 29. e6 fxe6 30. dxe6 Bb7 31. Re2 Rxb5 32. Nxb5 Ng3 33. Ree1 Nxf1 34. e7 Re8
35. Nd6 Bd4+ 36. Kh1 Ng3+ 37. Kh2 Nf1+ 38. Kh1 Ne3 39. Nxe8 Bxg2+ 40. Kh2 Bc6
41. Nc7 Kf7 42. e8=Q+ Bxe8 43. Nxe8 Kxe8 44. Nc3 Kd7 45. Nxa4 Kc6 46. Rb1 c4 47.
Kg3 c3 48. Kf3 c2 49. Rc1 Kd5 50. Nc3+ Kc4 51. Ne2 Bb6 52. Ke4 a4 0-1

[Event "52nd Groningen Open"]
[Site "Groningen NED"]
[Date "2014.12.27"]
[Round "6.12"]
[White "Kerigan, Demre"]
[Black "Azaladze, Shota"]
[Result "0-1"]
[WhiteTitle "FM"]
[BlackTitle "IM"]
[WhiteElo "2277"]
[BlackElo "2499"]
[WhiteFideId "6307841"]
[BlackFideId "13603027"]
[EventDate "2014.12.21"]

1. f4 d5 2. Nf3 g6 3. g3 Bg7 4. Bg2 c5 5. d3 Nc6 6. Nc3 Nf6 7. O-O d4 8. Ne4
Nxe4 9. dxe4 O-O 10. e3 Qb6 11. Qe2 Bg4 12. h3 Bxf3 13. Bxf3 e5 14. f5 Rad8 15.
Kh2 Rd6 16. h4 Nb4 17. exd4 cxd4 18. c3 d3 19. Qf2 Nc2 20. Rb1 Qa6 21. a3 gxf5
22. exf5 e4 23. Bxe4 Re8 24. Bf3 Re2 25. Bxe2 dxe2 26. Rg1 Rd1 27. Bf4 Qd3 28.
g4 e1=Q 29. Rxe1 Nxe1 30. Rxd1 Qxd1 31. Bg3 Be5 32. Bxe5 Nf3+ 33. Kg3 Nxe5 34.
Qf4 f6 35. g5 Kf7 36. gxf6 Qd6 37. Kh3 Qd3+ 38. Kg2 Qe2+ 39. Kg3 h5 0-1

[Event "52nd Groningen Open"]
[Site "Groningen NED"]
[Date "2014.12.27"]
[Round "6.13"]
[White "Vocaturo, Daniele"]
[Black "Lomasov, Semen"]
[Result "1-0"]
[WhiteTitle "GM"]
[WhiteElo "2590"]
[BlackElo "2305"]
[WhiteFideId "813192"]
[BlackFideId "24164879"]
[EventDate "2014.12.21"]

1. d4 Nf6 2. c4 c5 3. d5 b5 4. cxb5 a6 5. bxa6 g6 6. Nc3 Bxa6 7. e4 Bxf1 8. Kxf1
d6 9. Nf3 Nbd7 10. g3 Bg7 11. Kg2 O-O 12. a4 Qb6 13. Qe2 Rfb8 14. Nb5 Ne8 15.
Bg5 h6 16. Bxe7 Rb7 17. Ra3 c4 18. Nd2 Qa6 19. Nxc4 Nb6 20. Nxb6 Qxb6 21. Bh4 g5
22. Bxg5 hxg5 23. h4 Nc7 24. hxg5 Nxb5 25. axb5 Rxa3 26. bxa3 Qxb5 27. Qg4 Qc5
28. Qf5 Qc2 29. Rh4 Qc8 30. Qh7+ Kf8 31. Rf4 Qc3 32. a4 Be5 33. Rf3 Qd4 34. a5
Bg7 35. Rf4 Be5 36. Rh4 Qa1 37. Qh6+ Ke8 38. g6 fxg6 39. Qxg6+ Kd8 40. Rh7 Rxh7
41. Qg8+ Ke7 42. Qxh7+ Kf8 43. Qf5+ Kg7 44. f4 Bf6 45. Qd7+ Kg6 46. f5+ Kg5 47.
Qh7 Kg4 48. Qh3+ 1-0

[Event "52nd Groningen Open"]
[Site "Groningen NED"]
[Date "2014.12.27"]
[Round "6.14"]
[White "Ernst, Sipke"]
[Black "Afek, Yochanan"]
[Result "1-0"]
[WhiteTitle "GM"]
[BlackTitle "IM"]
[WhiteElo "2553"]
[BlackElo "2285"]
[WhiteFideId "1004689"]
[BlackFideId "2800462"]
[EventDate "2014.12.21"]

1. d4 Nf6 2. c4 c5 3. d5 b5 4. cxb5 a6 5. bxa6 g6 6. Nc3 Bxa6 7. e4 Bxf1 8. Kxf1
d6 9. g3 Bg7 10. Nf3 O-O 11. Kg2 Nbd7 12. a4 Qb6 13. Ra3 Rfb8 14. Qc2 Ne8 15. h4
h5 16. Nb5 Nc7 17. Nxc7 Qxc7 18. b3 Nf6 19. Bd2 Ra7 20. Rc1 Rab7 21. a5 Qd7 22.
Qd3 Ne8 23. e5 dxe5 24. Rxc5 e4 25. Qxe4 Rxb3 26. Rxb3 Rxb3 27. Qc4 Rb8 28. Bf4
Ra8 29. a6 Bf6 30. Rc6 Kg7 31. Rb6 Rc8 32. Qa2 Nc7 33. d6 exd6 34. Rxd6 Qe8 35.
a7 Ne6 36. Be3 Kg8 37. Qd5 Nc7 38. Qc6 Be7 39. Qxe8+ Rxe8 40. Rd7 Na8 41. Rb7
Bd6 42. Nd2 Rc8 43. Ne4 Bc7 44. Nf6+ Kf8 45. Nd5 Ba5 46. Bh6+ 1-0

[Event "52nd Groningen Open"]
[Site "Groningen NED"]
[Date "2014.12.27"]
[Round "6.15"]
[White "Dijkhuis, Tycho"]
[Black "Popilski, Gil"]
[Result "0-1"]
[WhiteTitle "FM"]
[BlackTitle "GM"]
[WhiteElo "2317"]
[BlackElo "2522"]
[WhiteFideId "1036564"]
[BlackFideId "2809060"]
[EventDate "2014.12.21"]

1. e4 d5 2. exd5 Qxd5 3. Nc3 Qd6 4. d4 Nf6 5. Nf3 g6 6. Ne5 Bg7 7. Bf4 Nd5 8.
Bg3 Nxc3 9. bxc3 Nd7 10. Nf3 Qc6 11. c4 Qb6 12. Be2 Qa5+ 13. Qd2 Qxd2+ 14. Kxd2
c5 15. c3 Nf6 16. Bd3 Nh5 17. Rhe1 Nxg3 18. hxg3 e6 19. Rab1 Ke7 20. dxc5 Rd8
21. Kc2 Rd7 22. Be4 Rc7 23. Nd4 Kf8 24. c6 bxc6 25. Nb5 cxb5 26. Bxa8 Rxc4 27.
Rxb5 Rxc3+ 28. Kb1 Ba6 29. Rb8+ Ke7 30. Be4 Bd4 31. f3 Be5 32. Ra8 Rc7 33. Rc1
Rd7 34. Kc2 Bxg3 35. Kb3 Bf2 36. Rc2 Bb6 37. Rh8 Kf6 38. Rxh7 Rd4 39. Rh1 Bb5
40. Kc3 Ke5 41. Rcc1 Rd6 42. Rhd1 Ba5+ 43. Kb2 Rb6 44. Ka1 Kf4 45. Bd3 Bc6 46.
Be4 Bxe4 47. Rd4 Bc3+ 0-1

[Event "52nd Groningen Open"]
[Site "Groningen NED"]
[Date "2014.12.27"]
[Round "6.16"]
[White "Biolek, Richard Jr."]
[Black "Stegariu, Vlad-Ionut"]
[Result "1/2-1/2"]
[WhiteTitle "IM"]
[WhiteElo "2446"]
[BlackElo "2268"]
[WhiteFideId "319996"]
[BlackFideId "1217860"]
[EventDate "2014.12.21"]

1. d4 Nf6 2. c4 g6 3. Nc3 Bg7 4. e4 d6 5. Nf3 O-O 6. Be2 e5 7. O-O Nc6 8. d5 Ne7
9. b4 Nh5 10. Re1 f5 11. Ng5 Nf6 12. Bf3 h6 13. Ne6 Bxe6 14. dxe6 c6 15. b5 fxe4
16. Nxe4 Nxe4 17. Bxe4 d5 18. cxd5 cxd5 19. Ba3 dxe4 20. Qxd8 Rfxd8 21. Bxe7 Re8
22. Bc5 Rxe6 23. Rxe4 a6 24. b6 Rc8 25. Be3 Rd6 26. g3 h5 27. a4 Rd5 28. a5 Rc2
29. Raa4 Kf7 30. Rec4 Rxc4 31. Rxc4 Ke6 32. Rc8 Rd7 33. Kg2 Rf7 34. g4 hxg4 35.
Kg3 Bf8 36. Rc4 Bd6 37. Rxg4 Kf5 38. Rg5+ Kf6 39. Rg4 e4+ 40. Bf4 Bb4 41. Rg5
Rd7 42. Be3 Rd3 43. h4 Ra3 44. Rd5 Ke6 45. Rg5 Kf6 46. Rd5 Ke6 47. Rg5 1/2-1/2

[Event "52nd Groningen Open"]
[Site "Groningen NED"]
[Date "2014.12.27"]
[Round "6.17"]
[White "Nakar, Eylon"]
[Black "Baskin, Robert"]
[Result "1/2-1/2"]
[WhiteTitle "IM"]
[WhiteElo "2419"]
[BlackElo "2287"]
[WhiteFideId "2811111"]
[BlackFideId "24662402"]
[EventDate "2014.12.21"]

1. d4 Nf6 2. c4 g6 3. Nc3 Bg7 4. e4 d6 5. f3 O-O 6. Be3 Nc6 7. Nge2 a6 8. Qd2
Rb8 9. Rc1 Bd7 10. Nd1 Re8 11. Nf2 b5 12. c5 dxc5 13. Rxc5 e5 14. d5 Ne7 15. Qc1
Bf8 16. Bg5 Nc8 17. Rc2 Be7 18. Nd3 Nxd5 19. Bxe7 Ndxe7 20. Nxe5 f6 21. Nxd7
Qxd7 22. Rxc7 Qe6 23. Qc3 Nb6 24. Qb3 Qxb3 25. axb3 f5 26. Nc3 Ned5 27. Nxd5
Nxd5 28. Rc5 Rbd8 29. Be2 fxe4 30. fxe4 Rxe4 31. Kf2 Nf4 32. Rc2 Rxe2+ 33. Rxe2
Nxe2 34. Kxe2 Kf7 35. Rc1 Ke6 36. Rc7 Rd7 37. Rc6+ Rd6 38. Rc7 Rd7 39. Rc8 Rd6
40. Rh8 Rd7 41. Ra8 Rd6 42. Ra7 h5 43. Rc7 Kf6 44. Rc2 Ke6 45. Ke3 Kf6 46. Ke4
Ke6 47. g3 Kf6 48. h3 Ke6 49. b4 Kf6 50. Rf2+ Ke6 51. Re2 Kf6 52. Rf2+ Ke6 53.
g4 Rc6 54. b3 Rc3 55. g5 Rxh3 56. Rf6+ Ke7 57. Rxg6 Rxb3 58. Rxa6 h4 59. Kf5 h3
60. Rh6 Rxb4 61. Rxh3 Rb1 62. Rh7+ Kd6 63. g6 Rf1+ 64. Kg5 Rg1+ 65. Kh6 b4 66.
Rf7 Kc5 67. g7 Rxg7 68. Rxg7 Kc4 69. Kg5 b3 70. Kf4 b2 71. Rb7 Kc3 72. Ke3 Kc2
73. Rc7+ Kb3 74. Kd2 b1=Q 75. Rb7+ Ka2 76. Rxb1 1/2-1/2

[Event "52nd Groningen Open"]
[Site "Groningen NED"]
[Date "2014.12.27"]
[Round "6.18"]
[White "Wacker, Peter"]
[Black "Simonian, Tigran"]
[Result "0-1"]
[WhiteTitle "FM"]
[BlackTitle "IM"]
[WhiteElo "2305"]
[BlackElo "2406"]
[WhiteFideId "4615751"]
[BlackFideId "13303597"]
[EventDate "2014.12.21"]

1. e4 c5 2. Nc3 a6 3. g3 b5 4. Bg2 Bb7 5. d3 e6 6. Nh3 Nf6 7. O-O d6 8. f4 Be7
9. Nf2 Nc6 10. Ne2 Qc7 11. c3 d5 12. a4 b4 13. cxb4 Nxb4 14. Bd2 a5 15. Bc3 Rd8
16. e5 Nd7 17. d4 Nb6 18. Qc1 Ba6 19. Bf3 Rc8 20. Rd1 Qd7 21. Bxb4 cxb4 22. Qb1
Nxa4 23. Qa2 Bb5 24. Rd2 O-O 25. f5 Nb6 26. Nf4 Bg5 27. N2h3 Bxf4 28. Nxf4 a4
29. fxe6 fxe6 30. Qb1 g5 31. Nxe6 Qxe6 32. Qd1 Bd7 33. b3 Rc3 34. Rd3 Qf5 35.
Rxc3 bxc3 36. Bg2 c2 37. Qd2 axb3 38. Rf1 b2 0-1

[Event "52nd Groningen Open"]
[Site "Groningen NED"]
[Date "2014.12.27"]
[Round "6.19"]
[White "Bulmaga, Irina"]
[Black "Van Osch, Mees"]
[Result "0-1"]
[WhiteTitle "IM"]
[WhiteElo "2392"]
[BlackElo "2261"]
[WhiteFideId "13903063"]
[BlackFideId "1035967"]
[EventDate "2014.12.21"]

1. e4 c5 2. Nf3 e6 3. d4 cxd4 4. Nxd4 a6 5. Nc3 b5 6. Bd3 Bb7 7. O-O Nc6 8. Nxc6
Bxc6 9. Qe2 Bc5 10. a4 b4 11. Nd5 Ne7 12. Nxe7 Qxe7 13. Bxa6 Bxe4 14. Qxe4 Rxa6
15. Qb7 Ra5 16. c3 d6 17. Qc8+ Qd8 18. Qxd8+ Kxd8 19. cxb4 Bxb4 20. Be3 Kd7 21.
Rfc1 Rb8 22. Rc4 d5 23. Rg4 g6 24. Rh4 h5 25. Bd4 Kd6 26. Bg7 Ke7 27. Be5 Rb7
28. b3 Ra8 29. Rf4 Bd6 30. Bf6+ Kd7 31. Rf3 e5 32. Rc1 Rab8 33. Bh4 f5 34. Rg3
Rb4 35. Bf6 Rxb3 36. Rxg6 Rb1 37. Rf1 d4 38. Rg3 Ke6 39. Bg7 Bc5 40. Rd3 e4 41.
Rdd1 Rxd1 42. Rxd1 Rb7 43. Bh6 Rb2 44. Ra1 Kd5 45. a5 Kc4 46. g3 d3 47. Be3 Bxe3
48. fxe3 d2 49. Kf1 Ra2 50. Rxa2 d1=Q+ 51. Kg2 Qf3+ 52. Kh3 Qxe3 53. a6 Qa7 54.
Ra5 e3 55. Kg2 Qa8+ 56. Kh3 e2 57. Ra1 Kd3 58. a7 Kd2 59. Ra2+ Ke3 60. Ra3+ Kf2 0-1

[Event "52nd Groningen Open"]
[Site "Groningen NED"]
[Date "2014.12.27"]
[Round "6.20"]
[White "Baghdasaryan, Vahe"]
[Black "Lyell, Mark"]
[Result "1-0"]
[WhiteTitle "IM"]
[BlackTitle "FM"]
[WhiteElo "2368"]
[BlackElo "2236"]
[WhiteFideId "13303139"]
[BlackFideId "402354"]
[EventDate "2014.12.21"]

1. e4 c6 2. d4 d5 3. e5 c5 4. dxc5 Nc6 5. Bf4 e6 6. Nd2 Bxc5 7. Nb3 Nge7 8. Nxc5
Qa5+ 9. c3 Qxc5 10. Bd3 Ng6 11. Bxg6 fxg6 12. Nf3 Qb5 13. Qd2 O-O 14. h4 Bd7 15.
h5 gxh5 16. Rxh5 Be8 17. Rg5 Qc4 18. Be3 Bg6 19. Bd4 Qd3 20. Qxd3 Bxd3 21. Bc5
Rf4 22. Kd2 h6 23. Rg3 Be4 24. Ke3 Rf5 25. Nd2 Rxe5 26. Bd4 Nxd4 27. cxd4 Rf5
28. Rc1 Rf7 29. Nxe4 dxe4 30. Rg4 Rd7 31. Rxe4 Kf7 32. b4 Rad8 33. Rc5 Rd5 34.
a4 Ke7 35. Rg4 g5 36. Re4 Kd6 37. g4 b6 38. Rc1 Rf8 39. b5 Kd7 40. Rc6 Rd6 41.
Rc1 Rf6 42. f3 Rd5 43. Rc6 Rd6 44. Rc4 Rd5 45. Re5 Rd6 46. a5 Rf8 47. Ra4 Rc8
48. axb6 axb6 49. Ra7+ Rc7 50. Rxc7+ Kxc7 51. Kd3 Kd7 52. Re1 Ke7 53. Kc4 Kf6
54. Ra1 Rd8 55. Ra6 Rb8 56. Ra7 e5 57. d5 Rc8+ 58. Kb4 h5 59. gxh5 Rh8 60. Rb7
Rxh5 61. Rxb6+ Kf5 62. Rb8 e4 63. fxe4+ Kxe4 64. d6 Rh7 65. Kc5 g4 66. Rg8 1-0

[Event "52nd Groningen Open"]
[Site "Groningen NED"]
[Date "2014.12.27"]
[Round "6.21"]
[White "Beukema, Stefan"]
[Black "Burcu, Cagatay"]
[Result "1/2-1/2"]
[WhiteTitle "FM"]
[WhiteElo "2364"]
[BlackElo "2149"]
[WhiteFideId "1024523"]
[BlackFideId "6310630"]
[EventDate "2014.12.21"]

1. e4 e6 2. d4 d5 3. Nc3 Bb4 4. e5 c5 5. a3 Bxc3+ 6. bxc3 Qc7 7. Qg4 Ne7 8. Qxg7
Rg8 9. Qxh7 cxd4 10. Ne2 dxc3 11. f4 Nbc6 12. Qd3 d4 13. Nxd4 Nxd4 14. Qxd4 Bd7
15. Rg1 Nf5 16. Qf2 Qc6 17. Bd3 Qd5 18. Rb1 Bc6 19. Kf1 Qa2 20. Rb4 Rd8 21. g4
Rxd3 22. cxd3 Qa1 23. Qe1 Nh4 24. Qxh4 Qxc1+ 25. Qe1 Qxa3 26. Rc4 c2 27. Qc3
c1=Q+ 28. Qxc1 Qxd3+ 29. Ke1 Rh8 30. Rg2 Kf8 31. Rd2 Qe3+ 32. Re2 Qg1+ 33. Kd2
Qxg4 34. Qa3+ Kg7 35. Qe7 Rh6 36. Qg5+ Qxg5 37. fxg5 Rh5 38. Rc3 Rxg5 39. Rg3
Rxg3 40. hxg3 a5 41. Rf2 b5 42. Kc3 Bd5 43. Kd4 b4 44. Kc5 b3 45. Kb5 Be4 46.
Ka4 Bc2 47. Ka3 Kg6 48. Rf4 Bd1 49. Kb2 Bc2 50. Rf1 Kg7 51. Rf6 Bd1 52. Rf4 Kg6
53. Rd4 Bc2 54. Rd7 f6 55. Rd6 fxe5 56. Rxe6+ Kf5 57. Ra6 Kg4 58. Rxa5 e4 59.
Re5 Kxg3 60. Rxe4 Bxe4 61. Kxb3 1/2-1/2

[Event "52nd Groningen Open"]
[Site "Groningen NED"]
[Date "2014.12.27"]
[Round "6.22"]
[White "Berkovich, Mark A"]
[Black "Schoehuijs, Erik"]
[Result "1-0"]
[WhiteTitle "IM"]
[WhiteElo "2362"]
[BlackElo "2125"]
[WhiteFideId "2801639"]
[BlackFideId "1004425"]
[EventDate "2014.12.21"]

1. c4 e5 2. Nc3 Nf6 3. Nf3 Nc6 4. e3 d6 5. d4 Bg4 6. Be2 Be7 7. h3 Bf5 8. Nh4
Bd7 9. O-O O-O 10. Nf3 Re8 11. d5 Nb8 12. e4 a5 13. Be3 Na6 14. Nd2 Nc5 15. Qc2
Rf8 16. f4 exf4 17. Bxf4 Bc8 18. e5 dxe5 19. Bxe5 Nfd7 20. Bg3 Ra6 21. Nb5 Bd6
22. Nxd6 cxd6 23. Nf3 f6 24. Kh1 Ne5 25. Nd4 Bd7 26. Nf3 Qc8 27. Nxe5 fxe5 28.
Rxf8+ Qxf8 29. Rf1 Qe7 30. Bd3 e4 31. Be2 Qg5 32. Bf4 Qg6 33. Qd1 Ra8 34. Bh5
Qf6 35. Bg3 Qh6 36. Bf7+ Kh8 37. Qh5 Qxh5 38. Bxh5 g6 39. Be2 Ra6 40. Rf6 e3 41.
Rxd6 Ra8 42. Be5+ Kg8 43. Bd4 1-0